书目信息 |
| 题名: |
岩土工程验收和质量评定标准
|
|
| 作者: | 冶金工业部沈阳勘察研究院 | |
| 分册: | ||
| 出版信息: | 北京 冶金工业出版社 1998.08 |
|
| 页数: | 55页 | |
| 开本: | 32开 | |
| 丛书名: | ||
| 单 册: | ||
| 中图分类: | TU751-65 | |
| 科图分类: | ||
| 主题词: | 建筑工程--各种 | |
| 电子资源: | ||
| ISBN: | ||
| 000 | 00642nam0 2200193 45 | |
| 001 | 0008030889 | |
| 005 | 20001023113750.8 | |
| 010 | @d8.00元 | |
| 100 | @a20000803d1998 km y0chiy0120 ea | |
| 101 | 0 | @achi |
| 105 | @a z 000yy | |
| 200 | 1 | @a岩土工程验收和质量评定标准@AYan Tu Gong Cheng Yan Shou He Zhi Liang Ping Ding Biao Zhun@f冶金工业部沈阳勘察研究院@FYe Jin Gong Ye Bu Shen Yang Kan Cha Yan Jiu Yuan |
| 210 | @a北京@c冶金工业出版社@d1998.08 | |
| 215 | @a55页@d32开 | |
| 606 | 0 | @a建筑工程@x各种 |
| 690 | @aTU751-65@v3 | |
| 701 | 0 | @a冶金工业部沈阳勘察研究院 |
| 801 | @aCN@bPftUser@c20000803 | |
| 905 | @dTU751-65@eY:269@b184057-061@f5 | |
| 岩土工程验收和质量评定标准/冶金工业部沈阳勘察研究院.-北京:冶金工业出版社,1998.08 |
| 55页;32开 |
| ISBN :8.00元 |
| ● |
| 相关链接 |
|
|
|
正题名:岩土工程验收和质量评定标准
索取号:TU751-65/Y:269
 
预约/预借
| 序号 | 登录号 | 条形码 | 馆藏地/架位号 | 状态 | 备注 |
| 1 | 184057 | 201840570 | 土木与交通工程学院资料室/土木与交通学院资料室 1排1列1层/ [索取号:TU751-65/Y:269] | 在馆 | |
| 2 | 184058 | 201840589 | 建筑库201/201建筑库 41排6列1层/ [索取号:TU751-65/Y:269] | 在馆 | |
| 3 | 184059 | 201840598 | 土木与交通工程学院资料室/土木与交通学院资料室 1排1列1层/ [索取号:TU751-65/Y:269] | 在馆 | |
| 4 | 184060 | 201840605 | 土木与交通工程学院资料室/土木与交通学院资料室 1排1列1层/ [索取号:TU751-65/Y:269] | 在馆 | |
| 5 | 184061 | 201840614 | 土木与交通工程学院资料室/土木与交通学院资料室 1排1列1层/ [索取号:TU751-65/Y:269] | 在馆 |